[Event "Russian Junior Girls 2013"]
[Site "Loo RUS"]
[Date "2013.04.22"]
[Round "7"]
[White "Rjanova,V"]
[Black "Petrova,O"]
[Result "1/2-1/2"]
[WhiteElo "2170"]
[BlackElo "2238"]

1.e4 d6 2.d4 Nf6 3.Nc3 c6 4.Nf3 Bg4 5.h3 Bxf3 6.Qxf3 e6 7.Bd3 d5 8.O-O Be7
9.e5 Nfd7 10.Qg3 g6 11.Bh6 a6 12.a4 c5 13.dxc5 Nc6 14.f4 Nxc5 15.Ne2 Qb6
16.Kh1 Nxd3 17.Qxd3 Rc8 18.c3 Qb3 19.Qd2 Na5 20.Nd4 Qc4 21.b4 Nb3 22.Nxb3 Qxb3
23.Rf3 a5 24.bxa5 Rc4 25.Qd3 Bd8 26.Qb1 Qxb1+ 27.Rxb1 Kd7 28.Rxb7+ Bc7 29.Rd3 Rxa4
30.Bg5 Ra8 31.Kh2 R8xa5 32.Be7 Ra7 33.Rxa7 Rxa7 34.Bb4 Kc6 35.Kg3 Ra2 36.Kf3 Bb6
37.g4 Kb5 38.Rd1 Kc4 39.Rb1 Rf2+ 40.Kg3 Rc2 41.Kf3 Rf2+ 42.Kg3 Rd2 43.Bd6 Bf2+
44.Kf3 Kd3 45.Rb7 h5 46.gxh5 gxh5 47.Rxf7 d4 48.Bc5 Kxc3 49.f5 exf5 50.e6 Bh4
51.Rxf5 Rf2+ 52.Ke4 Re2+ 53.Kf3 Re3+ 54.Kg2 Re2+ 55.Kf3 d3 56.Rxh5 Bf6 57.Be3 Bd4
58.Bxd4+ Kxd4 59.Rh4+ Kc3 60.Rh7 Rxe6 61.Rc7+ Kd2 62.Rd7 Re3+ 63.Kg4 Ke2
64.h4 d2 65.Rxd2+ Kxd2 66.h5 Re8 67.h6 Ke3 68.Kf5 Kd4 69.h7 Kd5 70.Kf6 Kd6
71.Kg7 Re7+ 72.Kg8 Rxh7  1/2-1/2

[Event "Nakhchivan Open A 2013"]
[Site "Nakhchivan AZE"]
[Date "2013.04.22"]
[Round "1.22"]
[White "Mamedjarova,T"]
[Black "Yilmaz,M"]
[Result "1-0"]
[WhiteElo "2240"]
[BlackElo "2531"]

1.e4 d6 2.d4 Nf6 3.Nc3 e5 4.dxe5 dxe5 5.Qxd8+ Kxd8 6.Bg5 Be6 7.O-O-O+ Nd7
8.f3 c6 9.g3 Kc7 10.Bh3 Bxh3 11.Nxh3 h6 12.Be3 b5 13.Nf2 Nb6 14.b3 Nfd7 15.Nd3 Be7
16.Rhf1 Rhe8 17.a4 bxa4 18.Nxa4 Nxa4 19.bxa4 Nb6 20.f4 exf4 21.Bxf4+ Kb7
22.Be3 f6 23.Nb2 Ba3 24.Bxb6 axb6 25.Rd7+ Ka6 26.Rf3 Bf8 27.Re3 Ra7 28.Rxa7+ Kxa7
29.Nc4 Bc5 30.Re2 Kb7 31.Kb2 Kc7 32.Kb3 h5 33.Nd2 Ra8 34.Nc4 Rd8 35.Nb2 Rh8
36.e5 Re8 37.Nd3 Bd4 38.exf6 Kd7 39.Rxe8 Kxe8 40.fxg7 Kf7 41.Nf4 h4 42.Ne6  1-0

[Event "7th Agzamov Memorial"]
[Site "Tashkent UZB"]
[Date "2013.04.22"]
[Round "9"]
[White "Ziatdinov,R"]
[Black "Sattarov,B"]
[Result "1/2-1/2"]
[WhiteElo "2356"]
[BlackElo "2187"]

1.e4 d6 2.d4 Nf6 3.Nc3 Nbd7 4.f4 e5 5.Nf3 exd4 6.Qxd4 c6 7.Be3 d5 8.exd5 Bc5
9.Qd3 Qe7 10.Kd2 O-O 11.Re1 cxd5 12.Bxc5 Qxc5 13.Qd4 Ne4+ 14.Nxe4 dxe4 15.Rxe4 Nf6
16.Re5 Qc7 17.Bd3 Rd8 18.Rhe1 Be6 19.Qc5 Qd7 20.f5 Bxa2 21.Re7 Qd5 22.Qa3 Bc4
23.R1e5 Qc6 24.Re2 Bxd3 25.cxd3 Nd5 26.R7e4 a5 27.d4 b5 28.Ke1 b4 29.Qa1 a4
30.Ne5 Qf6 31.Nd7 Qxf5 32.Nc5 Nf4 33.Re5 Nd3+ 34.Nxd3 Qxd3 35.Rd2 Qc4 36.Ree2 Re8
37.Rxe8+ Rxe8+ 38.Kf2 Re6 39.Qxa4 Rf6+ 40.Ke3 h5 41.Qe8+ Kh7 42.Qe4+ g6 43.d5 Qc5+
44.Qd4 Qd6 45.Rf2 Qe7+ 46.Kd3 Rd6 47.Kc4 Rd7 48.Rd2 Qd6 49.Kb3 Rd8 50.g3 Kg8  1/2-1/2

[Event "ch-LTU w 2013"]
[Site "Vilnius LTU"]
[Date "2013.04.22"]
[Round "4.1"]
[White "Daulyte,D"]
[Black "Zykiene,R"]
[Result "1-0"]
[WhiteElo "2317"]
[BlackElo "2001"]

1.e4 d6 2.d4 Nf6 3.Nc3 c6 4.h3 Nbd7 5.f4 e5 6.Be3 Be7 7.Bd3 exf4 8.Bxf4 Qb6
9.Nge2 Qxb2 10.O-O Qb6 11.Rb1 Qa5 12.Qe1 Nh5 13.Bxd6 Bxd6 14.Nb5 Qxe1 15.Nxd6+ Ke7
16.Nf5+ Kf8 17.Rbxe1 g6 18.Nd6 f6 19.e5 Ke7 20.g4 Ng7 21.Nxc8+ Raxc8 22.exf6+ Nxf6
23.Nc3+ Ne6 24.Bc4 Nd5 25.Nxd5+ cxd5 26.Bxd5 Rc6 27.Bb3  1-0

[Event "ch-LTU 2013"]
[Site "Vilnius LTU"]
[Date "2013.04.22"]
[Round "4.6"]
[White "Tvarijonas,T"]
[Black "Zagorskis,D"]
[Result "1/2-1/2"]
[WhiteElo "2104"]
[BlackElo "2482"]

1.e4 d6 2.d4 Nf6 3.Nc3 e5 4.Bg5 Be7 5.f4 exd4 6.Qxd4 Nc6 7.Qd2 O-O 8.O-O-O h6
9.Bxf6 Bxf6 10.Nd5 Re8 11.Bd3 Be6 12.Nf3 Bxd5 13.exd5 Nd4 14.Nxd4 Bxd4 15.Bh7+ Kxh7
16.Qxd4 Qd7 17.Rhe1 b6 18.g4 Re7 19.Re4 Rxe4 20.Qxe4+ Kg8 21.h3 Re8 22.Qc4 Re3
23.Rd3 Qe7 24.Kd2 Re2+ 25.Kc3 Re4 26.Rd4 Re3+ 27.Rd3 Re4 28.Rd4 Qf6 29.Kd3 Re7
30.Re4 Rxe4 31.Qxe4 Qxb2  1/2-1/2

[Event "62nd ch-BUL w 2013"]
[Site "Bankya BUL"]
[Date "2013.04.23"]
[Round "7.4"]
[White "Videnova,I"]
[Black "Ivanova,Si"]
[Result "0-1"]
[WhiteElo "2329"]
[BlackElo "1964"]

1.e4 d6 2.d4 Nf6 3.Nc3 e5 4.Nf3 Nbd7 5.g4 Nxg4 6.Rg1 Ngf6 7.Be3 c6 8.Qd2 Qa5
9.O-O-O b5 10.dxe5 dxe5 11.Kb1 b4 12.Na4 h6 13.b3 g5 14.Bh3 Qc7 15.Bf5 c5
16.c4 g4 17.Nh4 Bb7 18.Qc2 O-O-O 19.Rd2 Kb8 20.Rgd1 Be7 21.Ka1 Bc6 22.Bxd7 Bxd7
23.Nf5 Bxf5 24.Rxd8+ Rxd8 25.Rxd8+ Qxd8 26.exf5 Qc8 27.Bxh6 e4 28.Qd2 Qxf5
29.Be3 Kb7 30.Kb1 Kc6 31.Kc1 Qd7 32.Qe2 Qc7 33.Qd2 Qe5 34.Kc2 Nd7 35.Qe2 f5
36.Qd2 Bd6 37.a3 a5 38.axb4 axb4 39.Qd1 f4 40.Bc1 Qf5 41.Kb2 f3 42.Be3 Bxh2
43.Nxc5 Nxc5 44.Qd8 Be5+ 45.Ka2 Qd7 46.Qa8+ Qb7 47.Qe8+ Nd7 48.Kb1 Kc7 49.Bg5 Qb8
50.Qe7 Qa8 51.Qxb4 Qa1+ 52.Kc2 Qb2+ 53.Kd1 Bc3 54.Bf4+ Kc8 55.Qd6 Qb1+  0-1

[Event "48th Capablanca Open II 2013"]
[Site "Havana CUB"]
[Date "2013.04.23"]
[Round "3.13"]
[White "Lopez Gonzalez,A"]
[Black "Cruz Portuondo,Manuel De Jesus"]
[Result "1/2-1/2"]
[WhiteElo "2209"]
[BlackElo "2120"]

1.e4 d6 2.d4 Nf6 3.Nc3 e5 4.Nf3 Nbd7 5.Bc4 Be7 6.O-O O-O 7.h3 a6 8.a4 b6
9.Qe2 Bb7 10.dxe5 dxe5 11.Rd1 Bd6 12.Bg5 Qe8 13.Nh4 Bb4 14.Nd5 Nxd5 15.Bxd5 Bxd5
16.Rxd5 c6 17.Rd3 f6 18.Bh6 Rf7 19.Rg3 Kh8 20.Rb3 a5 21.Be3 Nc5 22.Bxc5 Bxc5
23.Rd3 Rd8 24.Rad1 Rfd7 25.Nf5 g6 26.Ne3 Qe6  1/2-1/2

[Event "48th Capablanca Open II 2013"]
[Site "Havana CUB"]
[Date "2013.04.23"]
[Round "3.16"]
[White "Perez Cruz,A"]
[Black "Agra Caballero,A"]
[Result "0-1"]
[WhiteElo "2024"]
[BlackElo "2202"]

1.e4 d6 2.d4 Nf6 3.Nc3 c6 4.h3 g6 5.Nf3 Bg7 6.Be3 Nbd7 7.Qd2 e5 8.dxe5 dxe5
9.O-O-O Qa5 10.Bh6 O-O 11.Bxg7 Kxg7 12.Qd6 Qc5 13.Qxc5 Nxc5 14.Nd2 b5 15.b4 Nb7
16.Kb2 a5 17.a3 Rd8 18.Bd3 axb4 19.axb4 Rd4 20.Nb3 Rxb4 21.Ra1 Rxa1 22.Rxa1 Nc5
23.Na2 Rxb3+ 24.cxb3 Nxd3+ 25.Kc2 Nxf2 26.Nb4 c5 27.Nd3 Nxd3 28.Kxd3 Bb7
29.Ke3 Bxe4 30.Ra5 c4 31.bxc4 bxc4  0-1

[Event "Zonal 2.5 2013"]
[Site "Montevideo URU"]
[Date "2013.04.23"]
[Round "7.19"]
[White "Rodriguez,Gaston"]
[Black "Ibanez,Marcelo"]
[Result "1-0"]
[WhiteElo "2053"]
[BlackElo "1879"]

1.e4 d6 2.d4 Nf6 3.Nc3 Nbd7 4.Be3 g6 5.f3 Bg7 6.Qd2 c6 7.g4 h5 8.g5 Nh7 9.f4 b5
10.a3 a5 11.Nf3 Ba6 12.f5 Qc7 13.Nh4 Nhf8 14.Be2 b4 15.axb4 axb4 16.Rxa6 Rxa6
17.Bxa6 bxc3 18.bxc3 Qa5 19.Be2 Qa1+ 20.Bd1 Nc5 21.O-O Nxe4 22.Qd3 d5 23.Bf3 Qa5
24.Bxe4 dxe4 25.Qxe4 Qd5 26.Qf4 Nd7 27.c4 e5 28.Qg3 Qe4 29.f6 Bf8 30.Ra1 Bd6
31.Ra8+ Nb8 32.dxe5 Bc7 33.Ra7 Kd8 34.Rxc7 Kxc7 35.e6+ Kb7 36.e7 Nd7 37.Qf4 Qe6
38.Qd4 Ra8 39.Nf3 Ra3 40.Kf2 Ra8 41.Kg1 Ra3 42.Qb2+  1-0

[Event "Nakhchivan Open A 2013"]
[Site "Nakhchivan AZE"]
[Date "2013.04.23"]
[Round "2.16"]
[White "Iordachescu,V"]
[Black "Agaragimov,D"]
[Result "1/2-1/2"]
[WhiteElo "2599"]
[BlackElo "2348"]

1.e4 d6 2.d4 Nf6 3.Nc3 e5 4.dxe5 dxe5 5.Qxd8+ Kxd8 6.Bc4 Ke8 7.Nf3 Bd6 8.Bg5 Be6
9.Bxf6 gxf6 10.Nd5 Nd7 11.O-O-O Rc8 12.Nh4 Bc5 13.Nf5 Bxf5 14.exf5 Bxf2 15.Nc3 Nb6
16.Be2 Ke7 17.Ne4 Be3+ 18.Kb1 Rcd8 19.c3 Nd5 20.Rd3 Bb6 21.Rhd1 c6 22.g3 Ne3
23.Rxd8 Rxd8 24.Rxd8 Bxd8 25.g4 Bb6 26.Kc1 Ng2 27.Bf3 Ne1 28.Be2 Bg1 29.h3 Ng2
30.Kd1 Nf4 31.h4 h6 32.h5 Nh3 33.Bf1 Ng5 34.Bg2 Nxe4 35.Bxe4 Be3  1/2-1/2

[Event "Copenhagen Chess Challenge 2013"]
[Site "Ballerup DEN"]
[Date "2013.04.24"]
[Round "1"]
[White "Vyvyan,P"]
[Black "Skousen,N"]
[Result "1-0"]
[WhiteElo "1709"]
[BlackElo "2192"]

1.d4 d6 2.e4 Nf6 3.Nc3 c6 4.Bd3 e5 5.Nge2 Be7 6.O-O O-O 7.f4 exd4 8.Nxd4 Qb6
9.Be2 Na6 10.Kh1 Nc5 11.Bf3 Re8 12.Nb3 Ncd7 13.Qe1 Qc7 14.Be3 Nb6 15.Qg3 Be6
16.Rae1 Nc4 17.Bc1 b5 18.Nd4 b4 19.Nce2 Bd7 20.b3 Nb6 21.c4 Bf8 22.Ng1 Kh8
23.Nh3 Re7 24.Bb2 Rae8 25.Ng5 Kg8 26.Nf5 Bxf5 27.Bxf6 Bd7 28.Bb2 h6 29.Nh3 Bxh3
30.gxh3 Nd7 31.Rg1 f6 32.Qg6 Kh8 33.Bg4 Kg8 34.Bf5 Re6 35.Qh7+ Kf7 36.Qg6+ Kg8
37.Qxh6 Nc5 38.Qh7+ Kf7 39.Qg6+ Ke7 40.Bxe6 Nxe6 41.e5 fxe5 42.Bxe5 dxe5
43.Rxe5 Kd7 44.Rd1+ Bd6 45.f5 Kc8 46.Qxe8+ Nd8 47.Re6 Bc5 48.Rxd8+  1-0

[Event "48th Capablanca Open II 2013"]
[Site "Havana CUB"]
[Date "2013.04.24"]
[Round "4.9"]
[White "Agra Caballero,A"]
[Black "Serrano,Al"]
[Result "0-1"]
[WhiteElo "2202"]
[BlackElo "2042"]

1.d4 d6 2.e4 Nf6 3.Nc3 c6 4.f4 Qa5 5.Bd3 e5 6.dxe5 dxe5 7.Nf3 Nbd7 8.O-O Be7
9.fxe5 Ng4 10.Kh1 Ndxe5 11.Bf4 Nxf3 12.Qxf3 Be6 13.Rae1 g5 14.Bg3 h5 15.Qe2 h4
16.Bf2 Nxf2+ 17.Rxf2 Qe5 18.Qf1 Bd6 19.Qg1 O-O-O 20.Nd1 h3 21.g3 f5 22.Rfe2 f4
23.Qxa7 fxg3 24.hxg3 Bb8 25.Qe3 Qxg3 26.Qxg3 Bxg3 27.Rg1 Bf4 28.Ne3 Rdg8
29.Rf1 Bc7 30.Rf6 g4 31.Rxe6 g3  0-1

[Event "48th Capablanca Open II 2013"]
[Site "Havana CUB"]
[Date "2013.04.24"]
[Round "4.36"]
[White "Cuenca Gomez,Jesus"]
[Black "Arguelles,L"]
[Result "0-1"]
[WhiteElo "1953"]
[BlackElo "2094"]

1.e4 d6 2.d4 Nf6 3.Nc3 e5 4.dxe5 dxe5 5.Qxd8+ Kxd8 6.Nf3 Bd6 7.Bc4 Ke7 8.Bg5 c6
9.O-O-O Nd7 10.a3 Bc5 11.Rd2 b5 12.Bb3 a5 13.a4 b4 14.Nd1 h6 15.Bxf6+ gxf6
16.Ne3 Bxe3 17.fxe3 Nc5 18.Re2 Nxe4 19.Nd2 Nc5 20.Rf2 Rg8 21.Bc4 Be6 22.Bd3 Rad8
23.Ne4 Nxd3+ 24.cxd3 Rxd3 25.Nxf6 Rgd8 26.Ne4 Bb3 27.Nd2 Bxa4 28.Rhf1 f6
29.Rxf6 Rxd2 30.Rf7+ Ke6 31.R1f6+ Kd5 32.Kxd2 Ke4+ 33.Ke2 Bb5+ 34.Ke1 Rd3
35.Rxh6 Rxe3+ 36.Kd1 Re2 37.Rh4+ Kd5 38.Rd7+ Kc5 39.Rd2 Re3 40.Rg4 Ba4+ 41.b3 Bxb3+
42.Kc1 a4 43.Rg3 Re1+ 44.Kb2 Bc4  0-1

[Event "Admiral Niels Juel Cup 2013"]
[Site "Koge DEN"]
[Date "2013.04.24"]
[Round "6.15"]
[White "Bruun,H"]
[Black "Stuhr,Peter Sebastian"]
[Result "1-0"]
[WhiteElo "2085"]
[BlackElo "1941"]

1.e4 d6 2.d4 Nf6 3.Nc3 Nbd7 4.Nf3 e5 5.dxe5 dxe5 6.Bc4 Be7 7.O-O c6 8.a4 h6
9.Qe2 a5 10.Be3 Qc7 11.Rad1 g5 12.Bb3 Nf8 13.Nd2 Ng6 14.Nc4 Ra6 15.Qd2 Nh5
16.Nd6+ Bxd6 17.Qxd6 Qxd6 18.Rxd6 Ke7 19.Bc5 b6 20.Ba3 c5 21.Rxb6 Rd8 22.Bxc5+ Ke8
23.Bd5 Ne7 24.Rd1 Rxb6 25.Bxb6 Rd7 26.Bxa5 Nf4 27.Bc4 Nc6 28.Bb6 Nd4 29.Bxd4 exd4
30.Nb5 Ba6 31.g3 Nh3+ 32.Kg2 g4 33.f4 h5 34.Bd5 Ke7 35.Rxd4 f5 36.c4 Bxb5
37.axb5 Ra7 38.Rd1 Ra2 39.Rb1 fxe4 40.Bxe4 Ra4 41.Bd3 Kd6 42.Kf1 Kc5 43.Ke2 Kd4
44.Rd1 Ra7 45.Rf1 Ra2 46.Rb1 Ng1+ 47.Kd2 Nf3+ 48.Kc2 Ra8 49.Rd1 Ke3 50.Kc3 Rh8
51.Bf5 Kf2 52.b6 Nxh2 53.b7 Rb8 54.Bc8 Kxg3 55.c5 Nf1 56.Rxf1  1-0

[Event "Admiral Niels Juel Cup 2013"]
[Site "Koge DEN"]
[Date "2013.04.24"]
[Round "6.19"]
[White "Thuesen,M"]
[Black "Schmidt,Ho DEN"]
[Result "1-0"]
[WhiteElo "2261"]
[BlackElo "1841"]

1.e4 d6 2.d4 Nf6 3.Nc3 c6 4.Nf3 g6 5.Bg5 Bg7 6.Qd2 Nbd7 7.a4 h6 8.Bf4 Nh5
9.Be3 Qa5 10.Be2 Nhf6 11.h3 a6 12.O-O c5 13.e5 cxd4 14.exf6 Nxf6 15.Nxd4 Bd7
16.Bf3 Qb4 17.Ra3 Qa5 18.Bxb7 Rb8 19.Nc6 Bxc6 20.Bxc6+ Kf8 21.Rb3 Rc8 22.Bb7 Re8
23.Nd5 Qxa4 24.Rb4 Qd7 25.Nxf6 exf6 26.Bxa6 Ra8 27.Bb7 Rd8 28.Bd5 Rc8 29.Ra1 Kg8
30.Rb7 Rc7 31.Rxc7 Qxc7 32.Ra7  1-0

[Event "62nd ch-BUL w 2013"]
[Site "Bankya BUL"]
[Date "2013.04.25"]
[Round "9.4"]
[White "Galunova,T"]
[Black "Voiska,M"]
[Result "0-1"]
[WhiteElo "2101"]
[BlackElo "2285"]

1.e4 d6 2.d4 Nf6 3.Nc3 e5 4.Nf3 exd4 5.Nxd4 Be7 6.Bc4 O-O 7.O-O c6 8.a3 Nbd7
9.Nf5 Ne5 10.Ba2 Bxf5 11.exf5 d5 12.Bf4 Bd6 13.Bg5 Ned7 14.h3 Qc7 15.Re1 Rfe8
16.Qd2 Be5 17.Be3 b5 18.Bd4 h6 19.Qd3 Re7 20.Re3 Bh2+ 21.Kh1 Rxe3 22.Bxe3 Bd6
23.Re1 Re8 24.Re2 a6 25.Bd4 Qc8 26.Rxe8+ Qxe8 27.Qe2 Qb8 28.Kg1 Bc5 29.Bxc5 Nxc5
30.Qe7 Nce4 31.Nxe4 Nxe4 32.Qh4 Qe5 33.c3 Nd2 34.f3 Qxf5 35.Qf2 Qc2 36.Bb3 Qc1+  0-1

[Event "48th Capablanca Open I 2013"]
[Site "Havana CUB"]
[Date "2013.04.25"]
[Round "5.31"]
[White "Pina Vega,S"]
[Black "Cruz de la Osa,R"]
[Result "1/2-1/2"]
[WhiteElo "2332"]
[BlackElo "2223"]

1.e4 d6 2.d4 Nf6 3.Nc3 e5 4.dxe5 dxe5 5.Qxd8+ Kxd8 6.Bg5 Be6 7.O-O-O+ Nd7
8.Nf3 Bd6 9.Bb5 Kc8 10.Bh4 h6 11.Bg3 a6 12.Bd3 g5 13.h4 g4 14.Nd2 b5 15.a3 Nh5
16.Nf1 Bc5 17.Rd2 c6 18.Nd1 a5 19.Nde3 f6 20.Be2 Rg8 21.Bh2 Nf4 22.Bd1 Bf8
23.f3 gxf3 24.Bxf3 Nc5 25.g3 Ng6 26.Nf5 b4 27.N1e3 bxa3 28.bxa3 Kc7 29.Ng4 Nd7
30.Rd3 h5 31.Nge3 Nc5 32.Rc3 Na4 33.Rd3 Nc5 34.Rc3 Na4 35.Rd3 Rh8 36.Kd2 Rb8
37.Ra1 Rh7 38.Bg1 Nc5 39.Rc3 Na4 40.Rd3 Nc5 41.Rc3 Na4 42.Rd3  1/2-1/2

[Event "ch-SRB 2013"]
[Site "Vrnjacka Banja SRB"]
[Date "2013.04.25"]
[Round "11.3"]
[White "Kovacevic,A"]
[Black "Indjic,A"]
[Result "1/2-1/2"]
[WhiteElo "2571"]
[BlackElo "2519"]

1.e4 d6 2.d4 Nf6 3.Nc3 e5 4.Nf3 Nbd7 5.Bc4 Be7 6.O-O O-O 7.a4 c6 8.Re1 a5
9.h3 Qc7 10.Be3 exd4 11.Nxd4 Ne5 12.Ba2 Re8 13.f4 Ng6 14.Qf3 Bf8 15.g4 d5
16.exd5 Bc5 17.Bf2 Rxe1+ 18.Rxe1 Qxf4 19.dxc6 bxc6 20.Ne4 Bxd4 21.Qxf4 Nxf4
22.Nxf6+ gxf6 23.Re8+ Kg7 24.Bxd4 Nxh3+ 25.Kh2 Ng5 26.Bc3 h6 27.Kg3 Ne6 28.Bc4 Nc7
29.Rd8 Ne6 30.Re8 Nc7 31.Rd8 Ne6 32.Rd6 c5 33.b3 Ra7 34.Rc6 Bb7 35.Rd6 Be4
36.Bxe6 fxe6 37.Rxe6 Bxc2 38.Rxf6 Kh7 39.Rc6 Bxb3 40.Rxc5 Bxa4  1/2-1/2

[Event "48th Capablanca Open I 2013"]
[Site "Havana CUB"]
[Date "2013.04.27"]
[Round "6.23"]
[White "Cuellar,Di"]
[Black "Fernandez Hernandez,A"]
[Result "1/2-1/2"]
[WhiteElo "2323"]
[BlackElo "2368"]

1.e4 d6 2.d4 Nf6 3.Nc3 Nbd7 4.Nf3 c6 5.h3 Qa5 6.Bd2 Qb6 7.a4 e5 8.a5 Qc7
9.Be2 Be7 10.O-O O-O 11.Re1 Re8 12.Bc4 h6 13.Qb1 Nf8 14.Qa2 Be6 15.dxe5 dxe5
16.Bxe6 Nxe6 17.Qc4 b5 18.axb6 axb6 19.Be3 b5 20.Qe2 Nc5 21.Bxc5 Bxc5 22.Red1 Ra7
23.Ne1 Bd4 24.Nd3 Rea8 25.Rxa7 Rxa7 26.Nb1 Ra1 27.c3 Bb6 28.Nd2 Rxd1+ 29.Qxd1 Qd6
30.Qe2 Qe6 31.Kh2 g6 32.g3 Kg7 33.Kg2 Ne8 34.Nf3 f6 35.Nd2 Nd6 36.Qg4 Qf7
37.Qe2 Nc4 38.Nxc4 Qxc4 39.Nc1 Qxe2 40.Nxe2 c5 41.Ng1 c4 42.Nf3 Kf7 43.Kf1 h5
44.Ke2 g5 45.g4 hxg4 46.hxg4 Ke6 47.Ne1 b4 48.cxb4 Bd4 49.Nc2 Bxb2 50.Ne3 Bc3
51.b5 Kd6 52.Nxc4+ Kc5 53.Ne3 Kxb5 54.Nd5 Kc4 55.Nxf6 Kd4 56.f3 Bb2 57.Nd5  1/2-1/2

[Event "48th Capablanca Open I 2013"]
[Site "Havana CUB"]
[Date "2013.04.27"]
[Round "6.27"]
[White "Rodriguez Garcia,V"]
[Black "Llaudy Pupo,L"]
[Result "1/2-1/2"]
[WhiteElo "2381"]
[BlackElo "2270"]

1.e4 d6 2.d4 Nf6 3.Nc3 c6 4.f4 Qa5 5.e5 Ne4 6.Qf3 Nxc3 7.Bd2 Qd5 8.Qxc3 Bf5
9.Ne2 c5 10.dxc5 dxe5 11.fxe5 Nc6 12.Ng3 Bg6 13.Bc4 Qxe5+ 14.Qxe5  1/2-1/2

[Event "ch-SRB 2013"]
[Site "Vrnjacka Banja SRB"]
[Date "2013.04.27"]
[Round "13.2"]
[White "Kovacevic,A"]
[Black "Damljanovic,B"]
[Result "1/2-1/2"]
[WhiteElo "2571"]
[BlackElo "2536"]

1.e4 d6 2.d4 Nf6 3.Nc3 e5 4.Nf3 Nbd7 5.Bc4 Be7 6.O-O Nb6 7.Bb3 exd4 8.Qxd4 O-O
9.h3 Nfd7 10.Be3 a5 11.a4 Nc5 12.Qd2 Nxb3 13.cxb3 Nd7 14.Rad1  1/2-1/2

[Event "TCh-CZE Extraliga 2012-13"]
[Site "Czech Republic CZE"]
[Date "2013.04.28"]
[Round "11.4"]
[White "Duda,J"]
[Black "Rogozenco,D"]
[Result "1-0"]
[WhiteElo "2456"]
[BlackElo "2498"]

1.e4 d6 2.d4 Nf6 3.Nc3 e5 4.Nf3 Nbd7 5.Bc4 Be7 6.O-O O-O 7.Re1 c6 8.a4 a5
9.h3 h6 10.b3 Re8 11.Ba3 Qc7 12.Qd2 Nf8 13.Rad1 Ng6 14.Bf1 Bd7 15.g3 Rad8
16.dxe5 dxe5 17.Bxe7 Rxe7 18.Nb1 Ree8 19.Qe3 Be6 20.Nbd2 Nd7 21.Nc4 Bxc4
22.Bxc4 b6 23.Rd2 Nc5 24.Red1 Rxd2 25.Qxd2 Kf8 26.h4 f6 27.h5 Ne7 28.Nh4 Rb8
29.b4 Nb7 30.Rb1 Qd6 31.Qe2 axb4 32.Qg4 Rd8 33.Ng6+ Nxg6 34.Qxg6 Qe7 35.Kg2 Rd4
36.Ba2 Nd8 37.Qh7 Nf7 38.Bb3 Rd2 39.Qf5 c5 40.Bd5 Rxc2 41.Qc8+ Qd8 42.Qe6 Qc7
43.Rd1 c4 44.Bc6  1-0

[Event "48th Capablanca Open II 2013"]
[Site "Havana CUB"]
[Date "2013.04.28"]
[Round "7.27"]
[White "Ben Artiles,Laura"]
[Black "Agra Caballero,A"]
[Result "0-1"]
[WhiteElo "2019"]
[BlackElo "2202"]

1.e4 d6 2.d4 Nf6 3.Nc3 c6 4.a4 g6 5.Nf3 Bg7 6.Be3 O-O 7.h3 Qa5 8.Bd3 e5 9.O-O Nbd7
10.Qd2 Re8 11.dxe5 dxe5 12.Rfb1 Nh5 13.b4 Qc7 14.Ne2 Nf8 15.c3 Ne6 16.g3 b6
17.Bc4 Rd8 18.Qc2 h6 19.Kg2 Qe7 20.a5 b5 21.Ba2 Qf6 22.Nc1 Ng5 23.Nxg5 hxg5
24.f3 Bxh3+ 25.Kxh3 Qxf3 26.Bxf7+ Kh7 27.Qg2 Qxe3 28.Ne2 Rd2 29.Re1 Rf8 30.Kh2 Rxf7  0-1

[Event "48th Capablanca Open II 2013"]
[Site "Havana CUB"]
[Date "2013.04.28"]
[Round "7.18"]
[White "Soria,K"]
[Black "Arguelles,L"]
[Result "1-0"]
[WhiteElo "2233"]
[BlackElo "2094"]

1.e4 d6 2.d4 Nf6 3.Nc3 e5 4.Nf3 Nbd7 5.Bc4 Be7 6.O-O O-O 7.Re1 a6 8.a4 b6
9.b3 Bb7 10.Bb2 c6 11.d5 Qc7 12.Re2 cxd5 13.Nxd5 Nxd5 14.Bxd5 Bxd5 15.Qxd5 Nf6
16.Qd3 b5 17.Nd2 Rab8 18.Nf1 Qb7 19.f3 Rfe8 20.Ne3 Rbd8 21.Rd2 Nd7 22.axb5 axb5
23.Ra5 Rb8 24.Nd5 Nf6 25.Kf1 Nxd5 26.Qxd5 Qb6 27.Ra2 Rbc8 28.c3 Rc6 29.Rd1 Rec8
30.b4 Bd8 31.Ra5 Rb8 32.Rda1 Be7 33.Ra8 Rcc8 34.Ke2 Rxa8 35.Rxa8 Rxa8 36.Qxa8+ Bd8
37.Bc1 Kf8 38.Qc8 Qc7 39.Qxc7 Bxc7 40.Kd3 Bb6 41.c4 Ke7 42.cxb5 Kd7 43.Be3 Bd8
44.Kc4 Kc7 45.Kd5 Be7 46.f4 exf4 47.Bxf4 g6 48.Be3 h5 49.Bd4 Kb7 50.Be3 Kc7
51.Bf2 Bf8 52.Bg3 Be7 53.b6+ Kxb6 54.Bxd6 Bd8 55.e5 Kb5 56.e6 fxe6+ 57.Kxe6 g5
58.h3 Bb6 59.Kf5 Bd8 60.Kg6 h4 61.Bc5 Kc4 62.Kh5 Kd3 63.Kg4 Ke2 64.b5 Kf1
65.Kf3 Bc7 66.b6  1-0

[Event "48th Capablanca Open I 2013"]
[Site "Havana CUB"]
[Date "2013.04.28"]
[Round "7.32"]
[White "Fuentes,F"]
[Black "Rodriguez Garcia,V"]
[Result "1-0"]
[WhiteElo "2293"]
[BlackElo "2381"]

1.d4 d6 2.e4 Nf6 3.Nc3 e5 4.Nf3 Nbd7 5.g3 Be7 6.Bg2 c6 7.a4 O-O 8.O-O Re8
9.Re1 Bf8 10.h3 h5 11.a5 Qc7 12.b3 Rb8 13.Bb2 b5 14.axb6 axb6 15.d5 b5 16.dxc6 Qxc6
17.Nd5 Nxd5 18.exd5 Qc7 19.Nd4 Nf6 20.Nc6 Rb7 21.f4 Nd7 22.Qxh5 g6 23.Qf3 Bg7
24.Qf2 Rb6 25.Rad1 Ra6 26.Rd2 Bb7 27.Nb4 Raa8 28.Rde2 Rf8 29.Nc6 exf4 30.Bxg7 Kxg7
31.Qd4+ Kh7 32.Re7 Bxc6 33.dxc6 Qb6 34.c3 Nc5 35.Bd5 Kg8 36.R1e6 Ra1+ 37.Kg2 f3+
38.Bxf3 Ra2+ 39.Re2 Rxe2+ 40.Rxe2 Qd8 41.Bd5 Re8 42.Rf2 Ne6 43.Qd3 Qb6 44.Qf3 Qc7
45.h4 Qe7 46.Qd3 Rb8 47.Re2 Kg7 48.b4 Qf6 49.Bxe6 fxe6 50.Qxd6 Rf8 51.Qe5 Rc8
52.Qxe6 Rxc6 53.Qd7+ Kh6 54.Re7 g5 55.Rh7+ Kg6 56.h5+  1-0

[Event "48th Capablanca Open I 2013"]
[Site "Havana CUB"]
[Date "2013.04.28"]
[Round "7.22"]
[White "Miranda Mesa,E"]
[Black "Cruz de la Osa,R"]
[Result "1-0"]
[WhiteElo "2411"]
[BlackElo "2223"]

1.e4 d6 2.d4 Nf6 3.Nc3 e5 4.Nf3 Nbd7 5.Bc4 Be7 6.O-O O-O 7.Re1 c6 8.a4 b6
9.Ba2 a6 10.h3 Rb8 11.Be3 b5 12.axb5 axb5 13.b4 Qc7 14.Bb3 Nb6 15.Qd3 Bd7
16.dxe5 dxe5 17.Bc5 Bc8 18.Qe3 Nh5 19.Ra3 Nc4 20.Bxc4 bxc4 21.Ra7 Rb7 22.Rxb7 Bxb7
23.Nd2 Nf4 24.Nxc4 Ba6 25.Na5 Rc8 26.Rd1 Bg5 27.Qg3 h6 28.Bd6 Qd8 29.Qg4 Qe8
30.g3 Ng6 31.h4 Bf6 32.Bc5 Nf8 33.Nb3 Ne6 34.Ra1 Ra8 35.Rd1 Rd8 36.Rxd8 Qxd8
37.Qd1 Qc8 38.Be3 Bc4 39.Na5 Ba6 40.Nb3 Bc4 41.Na5 Ba6 42.Na4 Nd4 43.Bxd4 exd4
44.Nc5 Bb5 45.Nab3 Qd8 46.Qd2 Bc4 47.Na5 Bb5 48.Nab3 Bc4 49.Nc1 Qc8 50.N1b3 Qh3
51.Qd1 g5 52.hxg5 Bxg5 53.Nxd4 Be3 54.Nf5 Bxc5 55.bxc5 Be6 56.Ne7+ Kh7 57.Nxc6 Bg4
58.Qd5 Be6 59.Qd3 Qh5 60.Nd4 Bh3 61.c6 Qc5 62.Kh2 Bc8 63.e5+ Kg8 64.Qe4 Kh8
65.Qf4 Kg8 66.Kg1 Qc3 67.Qe4 Qc4 68.Kh2 Qf1 69.Qe2 Qh3+ 70.Kg1 h5 71.Qe4 Ba6
72.Qf4 Qf1+ 73.Kh2 Bc8 74.c7 Bb7 75.Nc6  1-0

[Event "48th Capablanca Open II 2013"]
[Site "Havana CUB"]
[Date "2013.04.29"]
[Round "8.38"]
[White "Gutierrez Espinosa,Karen"]
[Black "Llorente Bello,Eduardo"]
[Result "1/2-1/2"]
[WhiteElo "2007"]
[BlackElo "2158"]

1.e4 d6 2.d4 Nf6 3.Nc3 e5 4.dxe5 dxe5 5.Qxd8+ Kxd8 6.Bg5 Be6 7.g3 Kc8 8.O-O-O Bc5
9.Bxf6 gxf6 10.Rd2 Nd7 11.Bh3 c6 12.a3 Kc7 13.Bxe6 fxe6 14.Nf3 Rad8 15.Ne1 Nb6
16.Nd3 Bf8 17.Kb1 h5 18.Rdd1 Bd6 19.Rhe1 h4 20.f4 exf4 21.Nxf4 Bxf4 22.gxf4 Rhg8
23.Rxd8 Kxd8 24.Rd1+ Ke7 25.Rd3 Nc4 26.a4 Rg1+ 27.Ka2 Rg2 28.Rh3 Rg4 29.Rf3 Nd6
30.Rf2 e5 31.fxe5 fxe5 32.Re2 a5 33.b3 h3 34.Re3 Rh4 35.Kb2  1/2-1/2

[Event "48th Capablanca Open II 2013"]
[Site "Havana CUB"]
[Date "2013.04.30"]
[Round "9.9"]
[White "Quesda Chow,I"]
[Black "Cruz Portuondo,Manuel De Jesus"]
[Result "1/2-1/2"]
[WhiteElo "2217"]
[BlackElo "2120"]

1.e4 d6 2.d4 Nf6 3.Nc3 e5 4.Nf3 Nbd7 5.h3 c6 6.a4 Be7 7.Be3 b6 8.Bc4 O-O
9.O-O Bb7 10.dxe5 dxe5 11.Qe2 a6 12.Ba2 b5 13.Rad1 Qc7 14.Nh4 Bc5 15.Bg5 Kh8
16.Qf3 Ne8 17.Rd3 Nb6 18.Rfd1 Be7 19.a5 Bxg5 20.axb6 Qxb6 21.Nf5 g6 22.Qg4 h6
23.Ng3 Rd8 24.Rxd8 Bxd8 25.Qd7 Nf6 26.Qd6 Kg7 27.Qxe5 Bc7 28.Qd4 Qxd4 29.Rxd4 c5
30.Rd3 Re8 31.Bd5 Nxd5 32.exd5 c4 33.Rd4 Rd8 34.Nge4 Be5 35.Rd1 b4 36.Na4 Rxd5
37.Re1 Bd4 38.c3 Ba7 39.cxb4 Re5 40.Nac3 Kf8 41.Re2 f5 42.Nd6 Rxe2 43.Nxe2 Bd5
44.Nf4 Bf7 45.b5 axb5 46.Nxb5 Bb8 47.Ne2 Be5 48.Nbc3 Ke7 49.f4 Bf6 50.Kf2 Kd6
51.Ke3 Kc5 52.Kd2 Kb4  1/2-1/2

[Event "48th Capablanca Open II 2013"]
[Site "Havana CUB"]
[Date "2013.04.30"]
[Round "9.20"]
[White "Docampo Beltran,Dexter"]
[Black "Arguelles,L"]
[Result "1-0"]
[WhiteElo "2204"]
[BlackElo "2094"]

1.e4 d6 2.d4 Nf6 3.Nc3 e5 4.Nf3 Nbd7 5.Bc4 Be7 6.O-O O-O 7.h3 c6 8.Bb3 Qc7
9.Be3 b5 10.a3 Rb8 11.Re1 a5 12.Bg5 h6 13.Bh4 Re8 14.Bg3 Bf8 15.Qd3 exd4
16.Qxd4 Ne5 17.Qe3 b4 18.axb4 axb4 19.Nb1 c5 20.Nxe5 dxe5 21.Nd2 Bb7 22.Kh1 Red8
23.f3 Nh5 24.Bh2 Be7 25.Nc4 Bh4 26.Red1 Bg3 27.Bxg3 Nxg3+ 28.Kh2 Nh5 29.Qg1 Nf4
30.Ra7 Ne2 31.Rxd8+ Rxd8 32.Qe3 Nd4 33.Na5 Rf8 34.Bd5 Qb6 35.Rxb7 Qxa5 36.c3 bxc3
37.bxc3 Ne6 38.Qd2 Qd8 39.Qa2 Qf6 40.Qf2 h5 41.h4 Nf4 42.Bc4 Ne6 43.Qg3 g6
44.Rb6 Rd8 45.Rc6 Rd2 46.Bxe6 fxe6 47.Qg5 Qxg5 48.hxg5 Rc2 49.Rxc5 Kf7 50.Rc7+ Kf8
51.c4 Kg8 52.c5 Kf8 53.c6 Kg8 54.Kg1 Kf8 55.Kf1 Kg8 56.Ke1 Kf8 57.Kd1 Rc5
58.Kd2 Kg8 59.Kd3 Rc1 60.Ke3 Rc3+ 61.Kd2 Rc5 62.Kd1 Kf8 63.Ke2 Rc2+ 64.Kd3 Rc1
65.f4 exf4 66.Kd4 h4 67.Ke5  1-0